Central-Library-PUMHS

Online Public Access Catalogue

Welcome to PUMHS Central Library Nawabshah, SBA

Levinson's Review of Medical Microbiology and Immunology ,A guide of clinical infection (Record no. 37864)

000 -LEADER
fixed length control field 00336nam a22001337a 4500
082 ## - DEWEY DECIMAL CLASSIFICATION NUMBER
Classification number 616.01 PET
100 ## - MAIN ENTRY--AUTHOR NAME
Personal name Hong-Chin Peter
245 ## - TITLE STATEMENT
Title Levinson's Review of Medical Microbiology and Immunology ,A guide of clinical infection
250 ## - EDITION STATEMENT
Edition statement 18th Edition
260 ## - PUBLICATION, DISTRIBUTION, ETC. (IMPRINT)
Year of publication 2024
300 ## - PHYSICAL DESCRIPTION
Number of Pages 843
650 ## - SUBJECT ADDED ENTRY--TOPICAL TERM
Topical Term Microbiology
942 ## - ADDED ENTRY ELEMENTS (KOHA)
Koha item type Books
Holdings
Withdrawn status Lost status Permanent Location Current Location Shelving location Date acquired Source of acquisition Cost, normal purchase price Full call number Accession Number Koha item type
    Central Library New Campus PUMHS Nawabshah,(SBA) Central Library New Campus PUMHS Nawabshah,(SBA) Public Health Library 2026-03-04 M/S Allied Bill No:A-25050055 Date:13-05-25 8696.95 616.01 PET 41150 Ref Books
    Central Library New Campus PUMHS Nawabshah,(SBA) Central Library New Campus PUMHS Nawabshah,(SBA) Public Health Library 2026-03-04 M/S Allied Bill No:A-25050055 Date:13-05-25 8696.95 616.01 PET 41151 Ref Books

Copyright © 2018,The PUMHSW, Nawabshah, Shaheed Benazirabad. All rights reserved
Mr. Abdul Sattar Mahar (Chief Librarian) PUMHSW, Nawabshah, Sindh, Pakistan 67480.
Ph#: | 0244-9370425 Ext. 2241 Email| librarian@pumhs.edu.pk Web| http://www.pumhs.edu.pk
سنڌي ڪي بورڊ